[Event "V Open Escacs Xàtiva"]
[Site "Xàtiva, Spain"]
[Date "2019.07.21"]
[Round "9.10"]
[White "Fernandez Sanchez, Vicente"]
[Black "Soriano Folch, Jonathan"]
[Result "0-1"]
[WhiteElo "1703"]
[BlackElo "1874"]
[PlyCount "48"]
[EventDate "2019.??.??"]

1. d4 {[%clk 01:30:52]  [%emt 00:00:10]} 1... g6 {
[%clk 01:30:57]  [%emt 00:00:07]} 2. c4 {[%clk 01:30:47]  [%emt 00:00:29]} 2...
Bg7 {[%clk 01:31:22]  [%emt 00:00:21]} 3. g3 {[%clk 01:30:56]  [%emt 00:00:06]}
3... d6 {[%clk 01:31:16]  [%emt 00:00:37]} 4. Bg2 {
[%clk 01:31:05]  [%emt 00:00:20]} 4... Nf6 {[%clk 01:31:39]  [%emt 00:00:39]}
5. Nc3 {[%clk 01:30:55]  [%emt 00:00:08]} 5... Nbd7 {
[%clk 01:30:37]  [%emt 00:01:31]} 6. e4 {[%clk 01:30:45]  [%emt 00:00:40]} 6...
e5 {[%clk 01:30:15]  [%emt 00:00:56]} 7. d5 {[%clk 01:28:25]  [%emt 00:02:47]}
7... O-O {[%clk 01:27:26]  [%emt 00:03:17]} 8. Bg5 {
[%clk 01:26:19]  [%emt 00:02:36]} 8... h6 {[%clk 01:27:45]  [%emt 00:00:12]} 9.
Be3 {[%clk 01:26:02]  [%emt 00:01:02]} 9... Nb6 {
[%clk 01:26:33]  [%emt 00:01:29]} 10. b3 {[%clk 01:22:39]  [%emt 00:04:21]}
10... Ng4 {[%clk 01:25:56]  [%emt 00:00:37]} 11. Nge2 {
[%clk 01:18:56]  [%emt 00:04:48]} 11... Nxe3 {[%clk 01:22:41]  [%emt 00:03:10]}
12. fxe3 {[%clk 01:19:05]  [%emt 00:00:20]} 12... Qg5 {
[%clk 01:22:39]  [%emt 00:00:32]} 13. Qd2 {[%clk 01:18:26]  [%emt 00:01:13]}
13... a6 {[%clk 01:22:02]  [%emt 00:01:05]} 14. O-O {
[%clk 01:17:44]  [%emt 00:01:50]} 14... h5 {[%clk 01:22:21]} 15. Nd1 {
[%clk 01:15:36]  [%emt 00:02:15]} 15... Bg4 {[%clk 01:19:23]  [%emt 00:03:22]}
16. Nf2 {[%clk 01:13:58]  [%emt 00:02:59]} 16... Bh6 {
[%clk 01:18:18]  [%emt 00:00:44]} 17. Nxg4 {[%clk 01:11:36]  [%emt 00:02:52]}
17... hxg4 {[%clk 01:18:34]  [%emt 00:00:39]} 18. Kh1 {
[%clk 01:09:42]  [%emt 00:02:32]} 18... Qxe3 {[%clk 01:18:12]  [%emt 00:00:24]}
19. Qxe3 {[%clk 01:08:20]  [%emt 00:01:48]} 19... Bxe3 {
[%clk 01:18:38]  [%emt 00:00:13]} 20. Nc3 {[%clk 01:07:22]  [%emt 00:01:17]}
20... f5 {[%clk 01:17:21]  [%emt 00:01:50]} 21. Na4 {
[%clk 01:06:57]  [%emt 00:00:56]} 21... Nxa4 {[%clk 01:17:34]  [%emt 00:00:15]}
22. bxa4 {[%clk 01:07:00]  [%emt 00:00:40]} 22... f4 {[%clk 01:18:01]} 23. Rae1
{[%clk 01:05:16]  [%emt 00:02:02]} 23... Bc5 {[%clk 01:14:19]  [%emt 00:04:58]}
24. gxf4 {[%clk 01:04:47]  [%emt 00:00:26]} 24... exf4 {[%clk 01:14:44]} 0-1

[Event "V Open Escacs Xàtiva"]
[Site "Xàtiva, Spain"]
[Date "2019.07.21"]
[Round "9.12"]
[White "Ramirez Aucejo, Hector"]
[Black "Moreno Gonzalez, Pablo"]
[Result "0-1"]
[WhiteElo "1686"]
[BlackElo "1688"]
[PlyCount "40"]
[EventDate "2019.??.??"]

1. e4 {[%clk 01:13:26]  [%emt 00:17:33]} 1... e6 {
[%clk 01:30:39]  [%emt 00:00:21]} 2. d4 {[%clk 01:13:53]  [%emt 00:00:03]} 2...
d5 {[%clk 01:30:58]  [%emt 00:00:11]} 3. Bd3 {[%clk 01:14:15]  [%emt 00:00:09]}
3... c5 {[%clk 01:30:48]  [%emt 00:00:40]} 4. exd5 {
[%clk 01:14:40]  [%emt 00:00:05]} 4... exd5 {[%clk 01:31:09]  [%emt 00:00:09]}
5. Nf3 {[%clk 01:14:53]  [%emt 00:00:16]} 5... c4 {
[%clk 01:30:39]  [%emt 00:01:00]} 6. Be2 {[%clk 01:15:18]  [%emt 00:00:05]}
6... Nf6 {[%clk 01:30:33]  [%emt 00:00:37]} 7. O-O {
[%clk 01:15:41]  [%emt 00:00:06]} 7... Bd6 {[%clk 01:30:29]  [%emt 00:00:33]}
8. b3 {[%clk 01:14:47]  [%emt 00:01:25]} 8... b5 {
[%clk 01:29:22]  [%emt 00:01:38]} 9. Nc3 {[%clk 01:14:18]  [%emt 00:00:58]}
9... Bd7 {[%clk 01:28:06]  [%emt 00:01:46]} 10. Bg5 {
[%clk 01:14:02]  [%emt 00:00:46]} 10... Qa5 {[%clk 01:21:17]  [%emt 00:07:19]}
11. Bxf6 {[%clk 01:12:17]  [%emt 00:02:16]} 11... Qxc3 {
[%clk 01:21:31]  [%emt 00:00:16]} 12. Bxg7 {[%clk 01:11:43]  [%emt 00:01:02]}
12... Rg8 {[%clk 01:21:53]  [%emt 00:00:08]} 13. Be5 {
[%clk 01:11:42]  [%emt 00:00:32]} 13... Bxe5 {[%clk 01:18:52]  [%emt 00:03:31]}
14. Nxe5 {[%clk 01:05:39]  [%emt 00:06:34]} 14... Nc6 {
[%clk 01:06:13]  [%emt 00:13:09]} 15. Nxd7 {[%clk 01:03:58]  [%emt 00:02:11]}
15... Kxd7 {[%clk 01:05:57]  [%emt 00:00:46]} 16. Bg4+ {
[%clk 01:03:55]  [%emt 00:00:32]} 16... Kd6 {[%clk 01:05:45]  [%emt 00:00:41]}
17. Re1 {[%clk 00:55:16]  [%emt 00:09:10]} 17... Rae8 {
[%clk 01:01:30]  [%emt 00:04:45]} 18. Bh5 {[%clk 00:46:24]  [%emt 00:09:21]}
18... Rxe1+ {[%clk 00:58:16]  [%emt 00:03:45]} 19. Qxe1 {
[%clk 00:46:47]  [%emt 00:00:07]} 19... Qh3 {[%clk 00:58:30]  [%emt 00:00:17]}
20. Bf3 {[%clk 00:42:38]  [%emt 00:04:39]} 20... Qxf3 {[%emt 00:01:38]} 0-1

[Event "V Open Escacs Xàtiva"]
[Site "Xàtiva, Spain"]
[Date "2019.07.21"]
[Round "9.13"]
[White "Cebolla Ruiz, David"]
[Black "Morant Gomar, Sergio"]
[Result "1/2-1/2"]
[WhiteElo "1473"]
[BlackElo "1653"]
[PlyCount "117"]
[EventDate "2019.??.??"]

1. e4 {[%clk 01:30:27]  [%emt 00:00:33]} 1... c5 {
[%clk 01:30:41]  [%emt 00:00:19]} 2. Nf3 {[%clk 01:30:50]  [%emt 00:00:08]}
2... g6 {[%clk 01:31:00]  [%emt 00:00:11]} 3. d4 {
[%clk 01:30:55]  [%emt 00:00:25]} 3... cxd4 {[%clk 01:31:12]  [%emt 00:00:17]}
4. Nxd4 {[%clk 01:30:35]  [%emt 00:00:50]} 4... Bg7 {
[%clk 01:31:28]  [%emt 00:00:14]} 5. Nc3 {[%clk 01:28:30]  [%emt 00:02:36]}
5... Nc6 {[%clk 01:31:27]  [%emt 00:00:30]} 6. Be3 {
[%clk 01:28:33]  [%emt 00:00:27]} 6... Nf6 {[%clk 01:31:20]  [%emt 00:00:37]}
7. f4 {[%clk 01:27:02]  [%emt 00:02:01]} 7... Qa5 {
[%clk 01:29:53]  [%emt 00:01:57]} 8. Nb3 {[%clk 01:23:37]  [%emt 00:03:55]}
8... Qc7 {[%clk 01:27:28]  [%emt 00:02:55]} 9. Qd2 {
[%clk 01:22:52]  [%emt 00:01:16]} 9... Ng4 {[%clk 01:26:40]  [%emt 00:01:18]}
10. Nd5 {[%clk 01:16:16]  [%emt 00:07:07]} 10... Qd8 {
[%clk 01:26:22]  [%emt 00:00:47]} 11. O-O-O {[%clk 01:16:09]  [%emt 00:00:37]}
11... Nxe3 {[%clk 01:25:42]  [%emt 00:01:10]} 12. Nxe3 {
[%clk 01:16:13]  [%emt 00:00:25]} 12... d6 {[%clk 01:24:25]  [%emt 00:01:47]}
13. g4 {[%clk 01:15:24]  [%emt 00:01:19]} 13... Be6 {
[%clk 01:22:21]  [%emt 00:02:33]} 14. Bc4 {[%clk 01:12:29]  [%emt 00:03:25]}
14... Bxc4 {[%clk 01:16:54]  [%emt 00:05:58]} 15. Nxc4 {
[%clk 01:12:50]  [%emt 00:00:09]} 15... b5 {[%clk 01:14:33]  [%emt 00:02:50]}
16. Qd5 {[%clk 01:08:10]  [%emt 00:05:11]} 16... Qc7 {
[%clk 01:12:32]  [%emt 00:02:30]} 17. Qxb5 {[%clk 01:04:40]  [%emt 00:04:01]}
17... Rb8 {[%clk 01:12:06]  [%emt 00:00:55]} 18. Qa6 {
[%clk 00:52:58]  [%emt 00:12:13]} 18... O-O {[%clk 01:09:01]  [%emt 00:03:34]}
19. c3 {[%clk 00:50:58]  [%emt 00:02:30]} 19... Rfc8 {
[%clk 01:07:15]  [%emt 00:02:16]} 20. Kb1 {[%clk 00:38:56]  [%emt 00:12:32]}
20... Nb4 {[%clk 01:05:05]  [%emt 00:02:39]} 21. cxb4 {
[%clk 00:38:07]  [%emt 00:01:20]} 21... Qxc4 {[%clk 01:05:19]  [%emt 00:00:14]}
22. Qxc4 {[%clk 00:38:10]  [%emt 00:00:28]} 22... Rxc4 {
[%clk 01:05:34]  [%emt 00:00:15]} 23. Nd2 {[%clk 00:33:04]  [%emt 00:05:36]}
23... Rcxb4 {[%clk 01:05:27]  [%emt 00:00:36]} 24. b3 {
[%clk 00:33:10]  [%emt 00:00:26]} 24... a5 {[%clk 01:02:07]  [%emt 00:03:50]}
25. Kc2 {[%clk 00:28:05]  [%emt 00:05:35]} 25... Rd4 {
[%clk 00:59:31]  [%emt 00:03:05]} 26. Rhe1 {[%clk 00:26:43]  [%emt 00:01:53]}
26... a4 {[%clk 00:55:55]  [%emt 00:04:05]} 27. Nc4 {
[%clk 00:24:26]  [%emt 00:02:47]} 27... axb3+ {[%clk 00:55:42]  [%emt 00:00:43]
} 28. axb3 {[%clk 00:24:42]  [%emt 00:00:14]} 28... Ra8 {
[%clk 00:54:21]  [%emt 00:01:51]} 29. Rxd4 {[%clk 00:23:52]  [%emt 00:01:20]}
29... Bxd4 {[%clk 00:54:26]  [%emt 00:00:25]} 30. Rb1 {
[%clk 00:22:13]  [%emt 00:02:09]} 30... Rc8 {[%clk 00:48:23]  [%emt 00:06:33]}
31. Kd3 {[%clk 00:20:50]  [%emt 00:01:53]} 31... e5 {
[%clk 00:41:52]  [%emt 00:07:00]} 32. fxe5 {[%clk 00:18:29]  [%emt 00:02:51]}
32... dxe5 {[%clk 00:41:37]  [%emt 00:00:45]} 33. b4 {
[%clk 00:10:54]  [%emt 00:08:05]} 33... Kf8 {[%clk 00:38:22]  [%emt 00:03:46]}
34. b5 {[%clk 00:08:20]  [%emt 00:03:04]} 34... Ke7 {
[%clk 00:38:41]  [%emt 00:00:11]} 35. b6 {[%clk 00:06:14]  [%emt 00:02:36]}
35... Kd7 {[%clk 00:38:45]  [%emt 00:00:26]} 36. b7 {
[%clk 00:03:10]  [%emt 00:03:34]} 36... Rb8 {[%clk 00:39:06]  [%emt 00:00:09]}
37. Na5 {[%clk 00:03:11]  [%emt 00:00:29]} 37... Ba7 {
[%clk 00:27:30]  [%emt 00:12:06]} 38. Rb5 {[%clk 00:00:47]  [%emt 00:02:54]}
38... f6 {[%clk 00:27:22]  [%emt 00:00:37]} 39. Rb1 {
[%clk 00:00:45]  [%emt 00:00:33]} 39... Kc7 {[%clk 00:26:12]  [%emt 00:01:40]}
40. Rc1+ {[%clk 00:00:40]  [%emt 00:00:36]} 40... Kb6 {
[%clk 00:26:11]  [%emt 00:00:30]} 41. Nc4+ {[%clk 00:00:41]  [%emt 00:00:29]}
41... Kxb7 {[%clk 00:25:50]  [%emt 00:00:51]} 42. Rb1+ {
[%clk 00:00:38]  [%emt 00:00:34]} 42... Kc7 {[%clk 00:25:46]  [%emt 00:00:33]}
43. Rxb8 {[%clk 00:00:52]  [%emt 00:00:16]} 43... Bxb8 {
[%clk 00:26:00]  [%emt 00:00:17]} 44. Ne3 {[%clk 00:01:02]  [%emt 00:00:20]}
44... Kd7 {[%clk 00:26:11]  [%emt 00:00:19]} 45. Kc4 {
[%clk 00:00:43]  [%emt 00:00:51]} 45... Ke6 {[%clk 00:26:00]  [%emt 00:00:39]}
46. h4 {[%clk 00:00:40]  [%emt 00:00:33]} 46... Ba7 {
[%clk 00:25:35]  [%emt 00:00:56]} 47. Nd5 {[%clk 00:00:41]  [%emt 00:00:29]}
47... Bf2 {[%clk 00:25:21]  [%emt 00:00:44]} 48. h5 {
[%clk 00:00:52]  [%emt 00:00:19]} 48... Bd4 {[%clk 00:23:15]  [%emt 00:02:36]}
49. hxg6 {[%clk 00:00:42]  [%emt 00:00:40]} 49... hxg6 {
[%clk 00:23:36]  [%emt 00:00:10]} 50. Nb4 {[%clk 00:01:00]  [%emt 00:00:13]}
50... Bb6 {[%clk 00:22:24]  [%emt 00:01:41]} 51. Nd5 {
[%clk 00:00:51]  [%emt 00:00:39]} 51... Ba7 {[%clk 00:22:37]  [%emt 00:00:17]}
52. Nc3 {[%clk 00:01:04]  [%emt 00:00:17]} 52... f5 {
[%clk 00:21:14]  [%emt 00:01:53]} 53. gxf5+ gxf5 {[%clk 00:19:28]} 54. exf5+ {
[%clk 00:01:46]  [%emt 00:02:16]} 54... Kxf5 {[%clk 00:19:57]  [%emt 00:00:02]}
55. Kd5 {[%clk 00:01:42]  [%emt 00:00:35]} 55... Bb6 {
[%clk 00:19:11]  [%emt 00:01:15]} 56. Ne4 {[%clk 00:01:43]  [%emt 00:00:29]}
56... Bd4 {[%clk 00:19:20]  [%emt 00:00:20]} 57. Nd6+ {
[%clk 00:01:43]  [%emt 00:00:30]} 57... Kf4 {[%clk 00:19:19]  [%emt 00:00:31]}
58. Ne4 {[%clk 00:01:58]  [%emt 00:00:16]} 58... Bb6 {
[%clk 00:16:54]  [%emt 00:02:55]} 59. Nd6 {[%clk 00:02:05]  [%emt 00:00:22]}
1/2-1/2

[Event "V Open Escacs Xàtiva"]
[Site "Xàtiva, Spain"]
[Date "2019.07.21"]
[Round "9.14"]
[White "Wu, Yugong"]
[Black "Garcia Martin, Javier Antonio"]
[Result "1-0"]
[WhiteElo "1404"]
[BlackElo "1606"]
[PlyCount "75"]
[EventDate "2019.??.??"]

1. d4 {[%clk 01:30:56]  [%emt 00:00:02]} 1... f5 {
[%clk 01:30:39]  [%emt 00:00:22]} 2. g3 {[%clk 01:30:53]  [%emt 00:00:33]} 2...
Nf6 {[%clk 01:31:03]  [%emt 00:00:05]} 3. Bg2 {[%clk 01:31:18]  [%emt 00:00:05]
} 3... g6 {[%clk 01:31:23]  [%emt 00:00:10]} 4. Nf3 {
[%clk 01:31:43]  [%emt 00:00:06]} 4... d6 {[%clk 01:31:50]  [%emt 00:00:04]} 5.
O-O {[%clk 01:32:04]  [%emt 00:00:07]} 5... Bg7 {
[%clk 01:32:08]  [%emt 00:00:13]} 6. c4 {[%clk 01:32:26]  [%emt 00:00:07]} 6...
O-O {[%clk 01:31:39]  [%emt 00:00:10]} 7. Nc3 {[%clk 01:32:39]  [%emt 00:01:05]
} 7... c6 {[%clk 01:32:06]  [%emt 00:00:04]} 8. Re1 {
[%clk 01:30:57]  [%emt 00:02:12]} 8... Qc7 {[%clk 01:25:14]  [%emt 00:07:22]}
9. d5 {[%clk 01:25:24]  [%emt 00:06:04]} 9... e5 {
[%clk 01:24:47]  [%emt 00:00:56]} 10. dxe6 {[%clk 01:25:46]  [%emt 00:00:08]}
10... Bxe6 {[%clk 01:25:06]  [%emt 00:00:11]} 11. e4 {
[%clk 01:23:09]  [%emt 00:03:06]} 11... fxe4 {[%clk 01:16:00]  [%emt 00:09:37]}
12. Nxe4 {[%clk 01:23:14]  [%emt 00:00:24]} 12... Bxc4 {
[%clk 01:15:03]  [%emt 00:01:28]} 13. Qxd6 {[%clk 01:23:01]  [%emt 00:00:43]}
13... Qxd6 {[%clk 01:14:02]  [%emt 00:01:31]} 14. Nxd6 {
[%clk 01:23:29]  [%emt 00:00:02]} 14... Ba6 {[%clk 00:56:06]  [%emt 00:18:26]}
15. Re7 {[%clk 01:19:06]  [%emt 00:04:52]} 15... Nd5 {
[%clk 00:51:22]  [%emt 00:05:15]} 16. Re8 {[%clk 01:19:04]  [%emt 00:00:32]}
16... Nd7 {[%clk 00:49:53]  [%emt 00:01:58]} 17. Re1 {
[%clk 01:15:33]  [%emt 00:04:02]} 17... h6 {[%clk 00:43:08]  [%emt 00:07:15]}
18. Be3 {[%clk 01:12:07]  [%emt 00:03:56]} 18... Rf6 {
[%clk 00:36:00]  [%emt 00:07:37]} 19. Ne4 {[%clk 01:12:30]  [%emt 00:00:07]}
19... Re6 {[%clk 00:36:15]  [%emt 00:00:14]} 20. Nd4 {
[%clk 01:12:39]  [%emt 00:00:22]} 20... Re7 {[%clk 00:35:24]  [%emt 00:01:21]}
21. Rad1 {[%clk 01:04:37]  [%emt 00:08:32]} 21... Nxe3 {
[%clk 00:34:26]  [%emt 00:01:28]} 22. Rxe3 {[%clk 01:02:34]  [%emt 00:02:34]}
22... Rae8 {[%clk 00:30:51]  [%emt 00:04:04]} 23. b4 {
[%clk 01:00:38]  [%emt 00:02:25]} 23... Bc4 {[%clk 00:29:59]  [%emt 00:01:22]}
24. Nd6 {[%clk 00:57:43]  [%emt 00:03:26]} 24... Rxe3 25. fxe3 {[%clk 00:57:43]
} 25... Bf7 26. Nxe8 {[%clk 00:57:43]} 26... Bxe8 27. Ne6 {[%clk 00:57:43]}
27... Bc3 28. b5 {[%clk 00:57:43]} 28... Ne5 29. bxc6 {[%clk 00:57:43]} 29...
Nxc6 30. Nd8 {[%clk 00:57:43]} 30... Nb4 31. a3 {[%clk 00:57:43]} 31... Nc6 32.
Nxc6 {[%clk 00:57:43]} 32... bxc6 33. Rd8 {[%clk 00:57:43]} 33... Kf7 34. Rc8 {
[%clk 00:57:43]} 34... a5 35. Bxc6 {[%clk 00:57:43]} 35... Bxc6 36. Rxc6 {
[%clk 00:57:43]} 36... Bf6 37. Kf2 {[%clk 00:57:43]} 37... g5 38. Kf3 {
[%clk 00:57:43]} 1-0

[Event "V Open Escacs Xàtiva"]
[Site "Xàtiva, Spain"]
[Date "2019.07.21"]
[Round "9.15"]
[White "Domenech Briz, Jose"]
[Black "Bercaru, Vlad Ionut"]
[Result "1-0"]
[WhiteElo "1565"]
[BlackElo "1224"]
[PlyCount "55"]
[EventDate "2019.??.??"]

1. e4 {[%clk 01:30:57]  [%emt 00:00:03]} 1... e6 {
[%clk 01:27:19]  [%emt 00:03:39]} 2. d4 {[%clk 01:30:28]  [%emt 00:01:20]} 2...
d5 {[%emt 00:03:39]} 3. Bd3 {[%emt 00:01:29]} 3... dxe4 {
[%clk 01:26:34]  [%emt 00:00:08]} 4. Bxe4 {[%clk 01:27:37]  [%emt 00:00:04]}
4... Nf6 {[%clk 01:26:16]  [%emt 00:00:44]} 5. Bd3 {
[%clk 01:26:05]  [%emt 00:02:02]} 5... Nc6 {[%clk 01:24:16]  [%emt 00:02:37]}
6. Nf3 {[%emt 00:02:11]} 6... a6 {[%emt 00:00:44]} 7. O-O {
[%clk 01:25:07]  [%emt 00:00:34]} 7... Nxd4 {[%emt 00:01:10]} 8. Nxd4 {
[%emt 00:00:22]} 8... Qxd4 {[%clk 01:22:52]  [%emt 00:00:05]} 9. Bb5+ {
[%clk 01:25:29]  [%emt 00:00:17]} 9... axb5 {[%clk 01:23:09]  [%emt 00:00:43]}
10. Qxd4 {[%emt 00:00:05]} 10... Bd7 {[%clk 01:22:59]  [%emt 00:00:09]} 11. Bf4
{[%emt 00:02:04]} 11... Ra4 {[%emt 00:00:51]} 12. Qd2 {[%emt 00:04:20]} 12...
Nd5 {[%clk 00:36:57]  [%emt 00:02:44]} 13. Bg3 {[%clk 01:22:52]} 13... Bb4 {
[%clk 00:36:57]} 14. c3 {[%clk 01:24:02]} 14... Be7 {[%clk 00:36:57]} 15. Na3 {
[%clk 01:24:02]} 15... h5 {[%clk 00:36:57]} 16. Rad1 {[%clk 01:24:02]} 16... h4
{[%clk 00:36:57]} 17. Bxc7 {[%clk 01:24:02]} 17... Bc6 {[%clk 00:36:57]} 18.
Be5 {[%clk 01:24:02]} 18... Rg4 {[%clk 00:36:57]} 19. f3 {[%clk 01:24:02]}
19... Rg6 {[%clk 00:36:57]} 20. h3 {[%clk 01:24:02]} 20... Rh5 {[%clk 00:36:57]
} 21. Bd4 {[%clk 01:24:02]} 21... Rhg5 {[%clk 00:36:57]} 22. Rf2 {
[%clk 01:24:02]} 22... Bd6 {[%clk 00:36:57]} 23. Be3 {[%clk 01:24:02]} 23...
Rg3 {[%clk 00:36:57]} 24. Nc2 {[%clk 01:24:02]} 24... Rxh3 {[%clk 00:36:57]}
25. Nd4 {[%clk 01:24:02]} 25... Rhg3 {[%clk 00:36:57]} 26. Ne2 {[%clk 01:24:02]
} 26... Nxe3 {[%clk 00:36:57]} 27. Qxe3 {[%clk 01:24:02]} 27... Bc7 {
[%clk 00:36:57]} 28. Nxg3 {[%clk 01:24:02]} 1-0

[Event "V Open Escacs Xàtiva"]
[Site "Xàtiva, Spain"]
[Date "2019.07.21"]
[Round "9.16"]
[White "Crespo Calatayud, Santiago"]
[Black "Gukasov, Yuriy"]
[Result "1-0"]
[WhiteElo "1758"]
[BlackElo "1290"]
[PlyCount "69"]
[EventDate "2019.??.??"]

1. d4 {[%clk 01:30:57]} 1... d5 {[%clk 01:30:04]  [%emt 00:01:10]} 2. Bf4 {
[%clk 01:31:23]} 2... e6 {[%clk 01:29:21]  [%emt 00:00:48]} 3. e3 {
[%clk 01:31:45]  [%emt 00:00:34]} 3... Nc6 {[%clk 01:28:35]  [%emt 00:00:49]}
4. c3 {[%clk 01:32:00]  [%emt 00:00:23]} 4... Be7 {
[%clk 01:27:55]  [%emt 00:01:46]} 5. Nf3 {[%clk 01:32:14]} 5... b6 {
[%clk 01:26:07]  [%emt 00:01:51]} 6. Bd3 {[%clk 01:32:31]  [%emt 00:00:14]}
6... h6 {[%clk 01:24:18]  [%emt 00:02:59]} 7. Nbd2 {[%clk 01:32:50]} 7... g5 {
[%clk 01:23:23]  [%emt 00:00:55]} 8. Bg3 {[%clk 01:32:24]  [%emt 00:00:57]}
8... Bd6 {[%clk 01:23:00]  [%emt 00:00:51]} 9. Qe2 {
[%clk 01:30:05]  [%emt 00:02:57]} 9... Bxg3 {[%clk 01:21:23]  [%emt 00:01:58]}
10. hxg3 {[%clk 01:30:30]  [%emt 00:00:16]} 10... a6 {
[%clk 01:19:21]  [%emt 00:02:34]} 11. O-O-O {[%clk 01:29:30]  [%emt 00:01:17]}
11... Bb7 {[%clk 01:17:54]  [%emt 00:01:58]} 12. e4 {
[%clk 01:29:40]  [%emt 00:00:59]} 12... f6 {[%clk 01:14:28]  [%emt 00:03:21]}
13. exd5 {[%clk 01:29:16]  [%emt 00:00:50]} 13... Qxd5 {
[%clk 01:14:26]  [%emt 00:00:51]} 14. Bc4 {[%clk 01:27:36]  [%emt 00:01:51]}
14... Qd6 {[%clk 01:05:24]  [%emt 00:09:31]} 15. Bxe6 {
[%clk 01:27:27]  [%emt 00:00:38]} 15... Qe7 {[%clk 01:04:20]  [%emt 00:01:43]}
16. Rhe1 {[%clk 01:27:11]  [%emt 00:00:40]} 16... h5 {
[%clk 00:57:47]  [%emt 00:07:13]} 17. Qd3 {[%clk 01:25:50]  [%emt 00:01:41]}
17... Ne5 {[%clk 00:52:06]  [%emt 00:06:19]} 18. Nxe5 {
[%clk 01:25:15]  [%emt 00:00:54]} 18... Qxe6 {[%clk 00:52:10]  [%emt 00:00:32]}
19. Ng6 {[%clk 01:25:35]  [%emt 00:00:09]} 19... O-O-O {
[%clk 00:51:56]  [%emt 00:00:28]} 20. Rxe6 {[%clk 01:26:01]  [%emt 00:00:19]}
20... Rh7 {[%clk 00:51:13]  [%emt 00:01:09]} 21. Qf5 {
[%clk 01:26:03]  [%emt 00:00:27]} 21... Kb8 {[%clk 00:50:56]  [%emt 00:00:46]}
22. Rde1 {[%clk 01:26:15]  [%emt 00:00:35]} 22... Bc8 {
[%clk 00:50:43]  [%emt 00:00:27]} 23. Nf8 {[%clk 01:25:37]  [%emt 00:01:32]}
23... Rf7 {[%clk 00:48:25]  [%emt 00:02:23]} 24. Qg6 {
[%clk 01:23:02]  [%emt 00:03:05]} 24... Rfxf8 {[%clk 00:48:05]  [%emt 00:00:54]
} 25. Re8 {[%clk 01:23:12]  [%emt 00:00:16]} 25... Bd7 {
[%clk 00:47:46]  [%emt 00:00:48]} 26. Rxf8 {[%clk 01:23:18]  [%emt 00:00:27]}
26... Rxf8 {[%clk 00:47:56]  [%emt 00:00:17]} 27. Qg7 {
[%clk 01:23:17]  [%emt 00:00:31]} 27... Rd8 {[%clk 00:47:50]  [%emt 00:00:40]}
28. Ne4 {[%clk 01:23:27]  [%emt 00:00:16]} 28... f5 {
[%clk 00:38:56]  [%emt 00:09:24]} 29. Nxg5 {[%clk 01:23:42]  [%emt 00:00:15]}
29... Kc8 {[%clk 00:32:45]  [%emt 00:06:42]} 30. Nf7 {
[%clk 01:22:36]  [%emt 00:02:17]} 30... Re8 {[%clk 00:30:29]  [%emt 00:02:07]}
31. Rxe8+ {[%clk 01:21:21]  [%emt 00:02:12]} 31... Bxe8 {
[%clk 00:30:26]  [%emt 00:00:07]} 32. Qxg8 {[%clk 01:21:48]  [%emt 00:00:03]}
32... Kd7 {[%clk 00:30:12]  [%emt 00:00:41]} 33. Ne5+ {
[%clk 01:22:11]  [%emt 00:00:27]} 33... Ke7 {[%clk 00:29:13]  [%emt 00:01:08]}
34. Qg7+ {[%clk 01:21:56]  [%emt 00:00:47]} 34... Kd8 {
[%clk 00:25:37]  [%emt 00:04:05]} 35. Qf6+ {[%clk 01:22:20]  [%emt 00:00:22]}
1-0